Statistics for Famous Polish Landmarks #2.

Click here to take the quiz!

General Stats

  • This quiz has been taken 16 times
  • The average score is 6 of 12

Answer Stats

Answer% Correct
Gdańsk Old Town
93%
Spodek
80%
Zamość Old Town
60%
Mazury
53%
Książ Castle
47%
Łazienki Królewskie
47%
Słowiński National Park
47%
Lublin Castle
40%
Moszna Castle
33%
Kazimierz Dolny
27%
Ogrodzieniec Castle
27%
Piotrkowska Street
27%

Score Distribution

Percentile by Number Answered

Percent of People with Each Score

Your Score History

You have not taken this quiz